000 00403nam a2200133Ia 4500
008 230411s9999 xx 000 0 und d
041 _aeng
082 _aN/613.2/SOH/B07295
100 _aSohi Darshan
245 _aComprehensive Textbook of Nutrition and Therapeutic Diets for BSc and Post Basic Students
260 _bJaypee Brothers
_aNew Delhi
_c2012
300 _a272p
999 _c157432
_d157432